00446cam a22001457a 4500008004000000020001500040082001300055100001800068245004400086260004000130300001000170650001700180999001900197952008400216180718b2002 xxu||||| |||| 00| 0 eng d a0195652894 aC41 B331 aBaxi, Upendra aFuture of human rightscby Upendra Baxi aNew DelhibOxford Univ. Pressc2002 a184p. aHuman rights c399304d399304 00104070aIIPAbIIPAd2002-03-04oC41 B331p77339r2018-07-21w2018-07-21yBK